000
00301nam a22001337a 4500
008
170203b xxu||||| |||| 00| 0 eng d
020
_a
9780323045537
041
_a
eng
080
_2
24TH
_a
61
100
_a
3
101
_a
SHM
245
_a
2008 INTRAVENOUS MEDICATIONS
_c
GAHART, B.L
942
_2
udc
_c
BK
999
_c
4503
_d
4503